Microcomputer software for mechanical engineers (Record no. 66513)

000 -LEADER
fixed length control field 00710cam a2200241 a 4500
001 - CONTROL NUMBER
control field 2406389
003 - CONTROL NUMBER IDENTIFIER
control field NUST - PNEC
005 - DATE AND TIME OF LATEST TRANSACTION
control field 20170116180955.0
008 - FIXED-LENGTH DATA ELEMENTS--GENERAL INFORMATION
fixed length control field 860904s1987 nyu c 001 0 eng
010 ## - LIBRARY OF CONGRESS CONTROL NUMBER
LC control number 86024551
020 ## - INTERNATIONAL STANDARD BOOK NUMBER
International Standard Book Number 0442226586
040 ## - CATALOGING SOURCE
Transcribing agency LIBRARY
082 00 - DEWEY DECIMAL CLASSIFICATION NUMBER
Classification number 621 FAL
100 1# - MAIN ENTRY--PERSONAL NAME
Personal name Falk, Howard,
Dates associated with a name 1927-
245 10 - TITLE STATEMENT
Title Microcomputer software for mechanical engineers
Statement of responsibility, etc. Howard Falk.
260 ## - PUBLICATION, DISTRIBUTION, ETC.
Place of publication, distribution, etc. New York :
Name of publisher, distributor, etc. Van Nostrand Reinhold Co.,
Date of publication, distribution, etc. c1987.
300 ## - PHYSICAL DESCRIPTION
Extent ix, 420 p. ;
Dimensions 24 cm.
500 ## - GENERAL NOTE
General note Includes index.
650 #0 - SUBJECT ADDED ENTRY--TOPICAL TERM
Topical term or geographic name entry element Mechanical engineering
General subdivision Software
-- ME
650 #0 - SUBJECT ADDED ENTRY--TOPICAL TERM
Topical term or geographic name entry element Microcomputers
General subdivision Programming.
906 ## - LOCAL DATA ELEMENT F, LDF (RLIN)
a 7
b cbc
c orignew
d 1
e ocip
f 19
g y-gencatlg
942 ## - ADDED ENTRY ELEMENTS (KOHA)
Source of classification or shelving scheme
Koha item type Book
Holdings
Withdrawn status Lost status Source of classification or shelving scheme Damaged status Not for loan Permanent Location Current Location Shelving location Date acquired Total Checkouts Full call number Barcode Date last seen Price effective from Koha item type
          Pakistan Navy Engineering College (PNEC) Pakistan Navy Engineering College (PNEC)       621 FAL PNECLIB-012258 09/11/2015   Book
© 2023 Central Library, National University of Sciences and Technology. All Rights Reserved.